000 01957nam a2200337 a 4500
001 BRCA_3269
005 20190320204209.0
008 120309s1837----enka---###---#000-0#eng-#
041 _aeng
044 _aenk
084 _a570
_b.D83
_c1837
100 1 _aCervantes Saavedra, Miguel de
_d1547-1616
_9213
245 1 0 _aDon Quixote de la Mancha
_cTranslated from the Spanish of Miguel de Cervantes Saavedra by Charles Jarvis.
260 _aLondres
_bJ. J. Dubochet and Co.
_c1837
300 _a3 v.
_bil.
_c25 cm.
500 _aContenido : v.1. Primera parte. Vida y obra de Cervantes traducida de la escrita por Viardot. Prólogo del autor. 1837. -- v.2. Texto. Prólogo del autor. 1838. -- v.3. Segunda parte. Texto. 1839
500 _aEdición : Carefully Revised and Corrected. Illustrated by Tony Johannot
500 _aTraducción de Jarvis, revisada y corregida en vista de la evrsión francesa de Viardot, de quien se han tomado los datos sobre la vida y obra de Cervantes, para escribir la Memoria que figura al frente del vol. I. Es una reproducción inglesa de la impresa en francés por los mismos editores, en 1836-37. El haber tomado por modelo para la corrección del texto la mejor de las traducciones francesas del Quijote, junto con la excelente impresión, hacen de esta edición una de las mejores en inglés. Semipiel; lomeras adornadas con dorados Lúdovik Osterc
500 _aCon ex-libris de : Rodman Wanamaker
500 _aQM453
546 _aTexto en : inglés
650 1 4 _aNovela española
_yÉpoca clásica, 1500-1700
_9215
650 1 4 _aLiteratura española
_yÉpoca clásica, 1500-1700
_9216
650 1 4 _aNovela española
_ySiglo XVII
_9217
650 1 4 _aDon Quijote (Personaje ficticio)
_eNovela
_9218
700 1 _aJarvis, Charles
_d?-1739
_eTraductor
_98686
700 1 _aJohannot, Tony
_d1803-1852
_eIlustrador
_98687
740 0 _aEl Ingenioso Hidalgo Don Quijote de la Mancha
902 _aQFM
942 _2lcc
_cB
999 _c3005
_d3005